Analyse financière (Record no. 49839)
[ view plain ]
| 000 -LEADER | |
|---|---|
| fixed length control field | 00703nam a22002057a 4500 |
| 008 - FIXED-LENGTH DATA ELEMENTS--GENERAL INFORMATION | |
| fixed length control field | 111027t xxu||||| |||| 00| 0 eng d |
| 020 ## - INTERNATIONAL STANDARD BOOK NUMBER | |
| International Standard Book Number | 978-2-297-01232-4 |
| 040 ## - CATALOGING SOURCE | |
| Original cataloging agency | BUAC |
| Transcribing agency | CDIRSP |
| 041 ## - LANGUAGE CODE | |
| Language code of text/sound track or separate title | Fr |
| 100 ## - MAIN ENTRY--PERSONAL NAME | |
| Personal name | Béatrice |
| 9 (RLIN) | 19757 |
| 245 ## - TITLE STATEMENT | |
| Title | Analyse financière |
| Remainder of title | : les outils du diagnostic financier à partir des documents comptables établis en conformité avec les dernières nouveautés du PCG |
| Statement of responsibility, etc | / Béatrice et Francis GRANDGUILLOT |
| 250 ## - EDITION STATEMENT | |
| Edition statement | 13è éd. |
| 260 ## - PUBLICATION, DISTRIBUTION, ETC. (IMPRINT) | |
| Place of publication, distribution, etc | Paris : |
| Name of publisher, distributor, etc | Gualino, |
| Date of publication, distribution, etc | 2009 |
| 300 ## - PHYSICAL DESCRIPTION | |
| Extent | 237 p. |
| 440 ## - SERIES STATEMENT/ADDED ENTRY--TITLE | |
| Title | (les zoom's) |
| 9 (RLIN) | 19758 |
| 650 ## - SUBJECT ADDED ENTRY--TOPICAL TERM | |
| Topical term or geographic name as entry element | Finance |
| 9 (RLIN) | 19759 |
| 653 ## - INDEX TERM--UNCONTROLLED | |
| Uncontrolled term | Analyses |
| -- | Diagnostic,outils |
| 700 ## - ADDED ENTRY--PERSONAL NAME | |
| Personal name | GRANDGUILLOT, Francis |
| 9 (RLIN) | 19760 |
| 942 ## - ADDED ENTRY ELEMENTS (KOHA) | |
| Item type | Livre exclu du prêt |
| Withdrawn status | Lost status | Damaged status | Not for loan | Location (home branch) | Sublocation or collection (holding branch) | Date acquired | Source of acquisition | Koha issues (times borrowed) | Piece designation (barcode) | Koha date last seen | Copy number | Price effective from | Koha item type |
|---|---|---|---|---|---|---|---|---|---|---|---|---|---|
| Centre de Documentation et d'Information de l'Institut Regional Santé Publique | Centre de Documentation et d'Information de l'Institut Regional Santé Publique | 27/10/2011 | Don | 4454CDIRSP | 27/10/2011 | 1 | 27/10/2011 | Livre exclu du prêt |